Zoznam povolených prípravkov na ochranu rastlín a mechanizačných prostriedkov na ochranu rastlín 2001

Bibliographic Details
Corporate Author: Slovensko. Ministerstvo pôdohospodárstva (Author)
Other Authors: Kohaut, Pavol (apd), Kolník, Ján (Translator)
Format: Book
Language:Slovak
PhysicalDescription:289 s. 29 cm
Published: Bratislava Kartprint 2001
ISBN:8088870216
Subjects:

MARC

LEADER 00000nam a2200000 a 4500
001 vtls001426098
003 SK-MaSNL
005 20260301120802.0
008 160415s2001 xo g r 0 slo
015 |a SNBE2002/01-00341 
020 |a 8088870216 
035 |a SNK000381025 
040 |a SNK  |b slo  |c SNK  |e AACR2 
041 0 |a slo 
044 |a xo  |c SK 
080 |a 632.934(083.9)  |2 1981 
110 0 |a Slovensko.  |b Ministerstvo pôdohospodárstva  |4 aut  |9 115174 
245 1 |a Zoznam povolených prípravkov na ochranu rastlín a mechanizačných prostriedkov na ochranu rastlín  |c podľa podkladov Ústredného kontrolného a skúšobného ústavu poľnohospodárskeho, Odboru skúšobníctva a kontroly spracoval: Pavol Kohaut  |n 2001 
260 |a Bratislava  |b Kartprint  |c 2001 
300 |a 289 s.  |c 29 cm 
500 |a Názov a text čiast. angl. 
500 |a 700 výt. Nepredajné 
500 |a Preklad do jazyka anglického: Ján Kolník 
648 7 |a 2001  |2 SNK  |9 296180 
650 0 7 |a rastliny  |2 SNKPH  |9 690 
650 0 7 |a ochrana rastlín  |2 SNKPH  |9 3636 
650 0 7 |a agrochemické prípravky  |2 SNKPH  |9 457873 
650 0 7 |a mechanizačné prostriedky  |2 SNKPH  |9 376759 
655 7 |a informačné publikácie  |2 SNKPH  |9 70181 
700 1 |a Kohaut, Pavol  |4 apd  |9 8880 
700 1 |a Kolník, Ján  |4 trl  |9 445704 
919 |a 80-88870-21-6 
958 |a TL 
999 |c 727021  |d 728951 
952 |t P60, <03>, [BOOK], {603}  |a SNK  |b SNK  |y PREZ  |7 0  |p 17A0326726  |o snkOSB 12721/2001  |i snkKSP 156/2002  |0 0  |1 0  |4 0  |d 2002-01-04  |l 0  |r 2005-01-02 00:00:00  |w 2026-02-23 
952 |t P60, <04>, [BOOK], {604}  |a SNK  |b SNK  |y VYP  |7 0  |p 17A0326727  |o snkOSB 12721/2001 D1  |i snkKSP 157/2002  |0 0  |1 0  |4 0  |d 2002-01-04  |l 0  |r 2005-01-02 00:00:00  |w 2026-02-23